000 00284nam a22001217a 4500
003 OSt
008 250212b |||||||| |||| 00| 0 eng d
041 _aeng
100 _aYoshisuke, Kishida
_97128
245 _aJapanese Agricultural Machinery Catalogue
260 _c1994.
942 _cBK
999 _c19360
_d19360